Autonómne autíčko na autodráhu

Salvato in:
Dettagli Bibliografici
Autore principale: Walterová, Simona (Autore)
Altri autori: Slačka, Juraj (Relatore della tesi)
Natura: Manoscritto Libro
Lingua:slovacco
Pubblicazione: Bratislava : STU v Bratislave FEI, 2025
Soggetti:
Accesso online:https://opac.crzp.sk/?fn=detailBiblioFormChildGE9P3&sid=8D80AD18777FCC7F64BDBD4DC29E&seo=CRZP-detail-kniha
Tags: Aggiungi Tag
Nessun Tag, puoi essere il primo ad aggiungerne!!

MARC

LEADER 00000ntm a22000003a 4500
001 stuzp101965
003 SK-STU
005 20260210131418.6
007 ta
008 150427s2015----xo-----f-mn---000-0-slo-d
040 |a STU  |b slo 
041 0 |a slo 
044 |a xo 
100 1 |a Walterová, Simona  |u 031000  |4 aut  |U FEI Fakulta elektrotechniky a informatiky  |T FEI Ústav robotiky a kybernetiky  |X 120561  |U E011  |Y 356  |7 120561 
242 0 1 |a Autonomous Slotcar  |y eng 
245 1 0 |a Autonómne autíčko na autodráhu 
260 |a Bratislava :  |b STU v Bratislave FEI,  |c 2025 
300 |a 84 s. 
650 4 |a autonómne autíčko  |2 slo 
650 4 |a odometria  |2 slo 
650 4 |a senzory  |2 slo 
650 4 |a PID regulátor  |2 slo 
650 4 |a autonómna jazda  |2 slo 
650 4 |a autonomous slotcar  |2 eng 
650 4 |a autonomous ride  |2 eng 
650 4 |a odometry  |2 eng 
650 4 |a sensors  |2 eng 
650 4 |a PID controller  |2 eng 
700 1 |a Slačka, Juraj  |u 031000  |k Z1  |4 ths  |U FEI Fakulta elektrotechniky a informatiky  |T FEI Ústav robotiky a kybernetiky  |X 50837  |U E011  |Y 356  |7 A000050837 
856 4 |u https://opac.crzp.sk/?fn=detailBiblioFormChildGE9P3&sid=8D80AD18777FCC7F64BDBD4DC29E&seo=CRZP-detail-kniha